| 000 | 00388nam a2200145 i 4500 | ||
|---|---|---|---|
| 001 | 147910 | ||
| 003 | ES-MaACL | ||
| 005 | 20230906202323.0 | ||
| 007 | t| | ||
| 008 | 071008s1971 sp ||||1| spa d | ||
| 245 | 0 | 3 |
_aEl universo en color _b: gran atlas y geofrafĂa. |
| 260 |
_aMadrid : _bRaycar, _c1971. |
||
| 300 |
_a395 p. : _bil. ; _c33 cm. |
||
| 852 |
_aES-MaACL _jG-5396 _bR.80894 |
||
| 999 |
_c147910 _d147910 |
||